000 00392nam a2200121 4500
005 20260325141119.0
082 _a660.6 NIS
084 _2Colon Classification
100 _aNishanth Kumar S
_912487
245 _aAntineoplastic and Antibiotic molecules associated Bacteria from Entopathogenic Nematodes/'
_cNishanth Kumar S
260 _aCTCRI:
_bUniversity of Kerala;
_c2012.
942 _2ddc
_cTH
999 _c758065
_d758065